50 ngộ nhận phổ biến của tâm lý học phổ thông Giúp mọi người từ bỏ những nhận thức sai lầm về hành vi cư xử của con người

Bewaard in:
Bibliografische gegevens
Andere auteurs: Lilienfeld, Scott O, Beyerstein, Barry L, Lynn, Steven Jay, Ruscio, John, Nguyễn, Hoàng Thanh Ly (Dịch)
Formaat: Boek
Gepubliceerd in: T.P Hồ Chí Minh T.P Hồ Chí Minh 2011
Onderwerpen:
Tags: Voeg label toe
Geen labels, Wees de eerste die dit record labelt!
Thư viện lưu trữ: Trung tâm Học liệu Lê Vũ Hùng, Trường Đại học Đồng Tháp
LEADER 01316pam a22003978a 4500
001 00035622
005 20171026081025.0
008 161214s2011 ||||||Viesd
020 # # |c 82000 
041 0 # |a Vie 
082 1 4 |a 155.2  |b N114M 
245 0 0 |a 50 ngộ nhận phổ biến của tâm lý học phổ thông  |c Scott O.Lilienfeld, Steven Jay Lynn, John Ruscio, Barry L. Beyerstein; Nguyễn Hoàng Thanh Ly (dịch)  |b Giúp mọi người từ bỏ những nhận thức sai lầm về hành vi cư xử của con người 
246 0 1 |a 50 great myths of popular psychology 
260 # # |a T.P Hồ Chí Minh  |b T.P Hồ Chí Minh  |c 2011 
300 # # |a 518 tr.  |c 21 cm.  |b hình vẽ, ảnh 
653 # # |a Hành vi 
653 # # |a Con người 
653 # # |a Tâm lí học 
700 1 # |a Lilienfeld, Scott O 
700 1 # |a Beyerstein, Barry L 
700 1 # |a Lynn, Steven Jay 
700 1 # |a Ruscio, John 
700 1 # |a Nguyễn, Hoàng Thanh Ly  |e Dịch 
852 # # |b Kho mượn  |j KM.0020100 
852 # # |j KM.0020100 
910 0 # |d 14/12/2016 
980 # # |a Trung tâm Học liệu Lê Vũ Hùng, Trường Đại học Đồng Tháp